| 000 | 00556cam a2200205 a 4500 | ||
|---|---|---|---|
| 001 | 000014140 | ||
| 005 | 20200929163506.0 | ||
| 008 | 890530s1984 cu ab b f000 0 spa d | ||
| 010 | _a89146539 | ||
| 035 | _a(DLC) 89146539 | ||
| 040 |
_aDO-SdBNP _bBNPHU _cDLC |
||
| 043 | _anwcu--- | ||
| 082 |
_a551.447 _bC965 |
||
| 245 | 0 | 0 | _aCuevas y carsos. |
| 260 |
_aLa Habana : _bCientífico-Técnica, _c1984. |
||
| 300 |
_a431 p. : _bil., maps ; _c25 cm. |
||
| 504 | _aBibliografías: p. 411-419. | ||
| 650 | 4 |
_aCuevas _931264 |
|
| 910 | _aCatalogación derivada | ||
| 999 |
_c13742 _d13742 |
||